Система диагностирования процессов искрения в коллекторных электрических машинах постоянного тока: пер. с пол.

Bibliografiske detaljer
Hovedforfatter: Зелиньский В. Влодзимеж
Summary:Изложены результаты исследований коммутационных свойств коллекторных электрических машин постоянного тока. Основное внимание уделено способам минимизации интенсивности искрения в стыке "щетка - коллектор". Представлена система математических показателей искрения, позволяющих анализировать работу любого сегмента коллектора в течение измерительного цикла. Описан разработанный автором оптоэлектронный анализатор искрения, обеспечивающий автоматизированное исследование искрения на стыке "щетка - коллектор". Разработана математическая модель цепи со скользящим контактом "щетка - коллектор", позволяющая оценить степень фактического покрытия сегментов коллектора щеткой. Предложена диагностическая система, основанная на аппарате искусственных нейронных сетей, которая снижает степень искрения и предотвращает разрушение узла "щетка - коллектор" коммутационным пламенем. Для специалистов и научных работников.
Sprog:russisk
Udgivet: Москва, Горячая линия-Телеком, 2011
Fag:
Format: MixedMaterials Bog
KOHA link:https://koha.lib.tpu.ru/cgi-bin/koha/opac-detail.pl?biblionumber=204461

MARC

LEADER 00000nam0a2200000 4500
001 204461
005 20231101225222.0
010 |a 9785991201834 
035 |a (RuTPU)RU\TPU\book\222867 
090 |a 204461 
100 |a 20111123d2011 k y0rusy50 ca 
101 1 |a rus  |c pol 
102 |a RU 
105 |a a z 001zy 
200 1 |a Система диагностирования процессов искрения в коллекторных электрических машинах постоянного тока  |e пер. с пол.  |f В. Зелиньский 
210 |a Москва  |c Горячая линия-Телеком  |d 2011 
215 |a 132 с.  |c ил. 
320 |a Библиогр.: с. 118-127. 
330 |a Изложены результаты исследований коммутационных свойств коллекторных электрических машин постоянного тока. Основное внимание уделено способам минимизации интенсивности искрения в стыке "щетка - коллектор". Представлена система математических показателей искрения, позволяющих анализировать работу любого сегмента коллектора в течение измерительного цикла. Описан разработанный автором оптоэлектронный анализатор искрения, обеспечивающий автоматизированное исследование искрения на стыке "щетка - коллектор". Разработана математическая модель цепи со скользящим контактом "щетка - коллектор", позволяющая оценить степень фактического покрытия сегментов коллектора щеткой. Предложена диагностическая система, основанная на аппарате искусственных нейронных сетей, которая снижает степень искрения и предотвращает разрушение узла "щетка - коллектор" коммутационным пламенем. Для специалистов и научных работников. 
606 1 |a Электрические машины постоянного тока, коллекторные  |2 stltpush  |3 (RuTPU)RU\TPU\subj\27209  |9 51002 
610 1 |a искрение 
610 1 |a коммутация 
610 1 |a модели 
610 1 |a компьютерное моделирование 
610 1 |a математический анализ 
610 1 |a интенсивность 
610 1 |a оценивание 
610 1 |a диагностирование 
610 1 |a компьютерные системы 
610 1 |a применение 
675 |a 621.313.36  |v 3 
700 1 |a Зелиньский  |b В.  |g Влодзимеж 
801 1 |a RU  |b 63413507  |c 20111123 
801 2 |a RU  |b 63413507  |c 20120427  |g RCR 
942 |c BK 
959 |a 96/20111123  |d 1  |e 253,00  |f ЧЗТЛ:1